000
00280nam a2200133Ia 4500
100
_a
Babu/Subhash A
942
_c
BK
654
_a
Advanced
245
_a
Advanced Manufacturing Technology
260
_b
IIT
_a
New york
_c
1998
300
_a
313
546
_a
ENGLISH
999
_c
20295
_d
20295